F1 2000 Line-ups - Statistiques

Statistiques générales
  • Ce quiz a été pris 28 fois
  • Le résultat moyen est 13 sur 22
Statistiques - réponses
Team Driver Nationality % Correct
Scuderia Ferrari Marlboro Germany Michael Schumacher
100%
BMW Williams F1 Team Germany Ralf Schumacher
100%
West McLaren Mercedes Finland Mika Häkkinen
88%
Lucky Strike Reynard BAR Honda Canada Jacques Villeneuve
84%
United Kingdom Jenson Button
80%
Brazil Rubens Barrichello
72%
United Kingdom David Coulthard
68%
Italy Jarno Trulli
68%
Gauloises Prost Peugeot France Jean Alesi
68%
Netherlands Jos Verstappen
68%
Mild Seven Benetton Playlife Italy Giancarlo Fisichella
60%
Germany Nick Heidfeld
48%
Benson & Hedges Jordan Germany Heinz-Harald Frentzen
44%
Austria Alexander Wurz
40%
Jaguar Racing United Kingdom Eddy Irvine
40%
Finland Mika Salo
40%
Arrows F1 Team Spain Pedro de la Rosa
36%
United Kingdom Johnny Herbert
32%
Telefónica Minardi Fondmetal Spain Marc Gené
32%
Red Bull Sauber Petronas Brazil Pedro Diniz
32%
Brazil Ricardo Zonta
32%
Argentina Gaston Mazzacane
28%
Aucun quiz correspondant
Distribution des résultats
% des personnes avec chaque résultat
Percentile par nombre de réponses
Votre historique - résultats
Vous n’avez pas pris ce quiz